| 000 | 00546cam a22001697a 4500 | ||
|---|---|---|---|
| 020 | _a0415286093 | ||
| 082 | 0 | 4 |
_a623.893 _bVER _cN-01, P-129 |
| 100 | 1 |
_aVerbyla, David L. _942105 |
|
| 245 | 1 | 0 |
_aPractical GIS analysis _cDavid L. Verbyla. |
| 260 |
_aLondon ; _aNew York : _bTaylor & Francis, _c2002. |
||
| 500 | _aIncludes index. | ||
| 526 |
_a0 _b0 _c0 _d623_893000000000000_VER |
||
| 650 | 0 |
_aGeographic information systems. _96117 |
|
| 650 | 0 |
_aNUST _96342 |
|
| 856 | 4 | 0 | _uhttp://www.columbia.edu/cgi-bin/cul/resolve?clio7938896 |
| 942 |
_2ddc _cBK |
||
| 999 |
_c546070 _d546070 |
||